000
00493nam a2200181Ia 4500
008
090123s9999 xx 000 0 und d
082
_b
26534
_a
891.463/नऱ्हे
100
_a
नऱ्हे शंकर
245
_a
भास
250
_a
0
260
_b
चंद्रमौळी प्रकाशन
300
_a
184
600
_a
नऱ्हे शंकर
630
_a
भास
700
_a
नऱ्हे शंकर
730
_a
भास
942
_c
BOOK
999
_c
64603
_d
64603